| 000 | 00378cam a2200145ua 4500 | ||
|---|---|---|---|
| 041 |
_amal _h |
||
| 082 |
_a894.812301 _bSUB/BU |
||
| 100 | _aSubhadra, Parameswaran . | ||
| 245 |
_aBulgarian nadodikathakal / _cSubhadra Prarmeswaran. _hTextual Documents |
||
| 260 |
_aMadras : _bJanatha books , _c1958. |
||
| 300 | _a36 ; . | ||
| 504 | _a | ||
| 942 | _cBK | ||
| 999 |
_c12602 _d12602 |
||